000 00650nam a2200217Ia 4500
003 OSt
005 20250828124431.0
008 220923b |||||||| |||| 00| 0 eng d
037 _cReference
040 _aRTL
_cRTL
_beng
041 _2eng
_aeng
084 _aCNwM79 K1/SC
_qRTL
100 _aGamow, George
_9317833
245 0 _aBiography of physics
260 _aNew York
_bHarper and Row Publishers
_c1961
300 _aviii, 338 p.
_bIncludes bibliographical reference and index
650 _aTheory of relativity
_9819180
650 _aPhysics
942 _hCNwM79 K1/SC
_cREF
_2CC
_n0
999 _c625197
_d625197